Chemistry for engineering students /

Bibliographic Details
Main Authors: Brown, Lawrence Stephen (Author), Holme, Thomas A. (Author)
Format: Book
Language:English
Published: Boston : Cengage, [2019]
Edition:Fourth edition.
Subjects:

MARC

Tag First Indicator Second Indicator Subfields
LEADER 00000cam a22000004i 4500
001 in00004059639
005 20190718163200.0
008 190311t20192019maua 001 0 eng d
020 |a 9780357026991  |q (pbk.) 
020 |a 0357026993 
035 |a (OCoLC)on1089657819 
040 |a YDX  |e rda  |c YDX  |d COO  |d BWK  |d UtOrBLW 
042 |a pcc 
049 |a TXAM 
050 4 |a QD33  |b .B76 2019 
100 1 |a Brown, Lawrence Stephen,  |e author. 
245 1 0 |a Chemistry for engineering students /  |c Lawrence S. Brown, Thomas A. Holme. 
250 |a Fourth edition. 
264 1 |a Boston :  |b Cengage,  |c [2019] 
264 4 |c ©2019 
300 |a xxviii, 612 pages :  |b color illustrations ;  |c 28 cm. 
336 |a text  |b txt  |2 rdacontent 
336 |a still image  |b sti  |2 rdacontent 
337 |a unmediated  |b n  |2 rdamedia 
338 |a volume  |b nc  |2 rdacarrier 
500 |a Previous edition: 2014. 
500 |a Includes index. 
650 0 |a Chemistry.  |0 http://id.loc.gov/authorities/subjects/sh85022986 
650 0 |a Chemistry  |v Problems, exercises, etc.  |0 http://id.loc.gov/authorities/subjects/sh85023005 
700 1 |a Holme, Thomas A.,  |e author. 
945 |b 990011 
947 |a A14850745044 
948 |a cataloged  |b h  |c 2019/4/22  |d c  |e dmitchel  |f 2:50:40 pm 
994 |a 92  |b TXA 
999 f f |s bfc35bea-b25a-30a9-a8f8-31a52450aecc  |i af4b55f3-cf97-3781-a179-bab52e8de85f  |t 0 
952 f f |p normal  |a Texas A&M University  |b College Station  |c Sterling C. Evans Library  |d Evans: Library Stacks  |t 0  |e QD33 .B76 2019  |h Library of Congress classification  |i unmediated -- volume  |m A14850745044 
998 f f |a QD33 .B76 2019  |t 0  |l Evans: Library Stacks